[Event "OeISM B U10"]
[Site "AUT_boys_U10"]
[Date "2020.12.13"]
[Round "7"]
[White "Kaljikovic"]
[Black "Luis_VST"]
[Result "1/2-1/2"]
[WhiteElo "1225"]
[BlackElo "1142"]
[Annotator "NA"]
[PlyCount "145"]
[EventDate "2020.12.13"]
[EventType "blitz"]

1. e4 {[%emt 0:00:03]} e5 {[%emt 0:00:04]} 2. Nf3 {[%emt 0:00:03]} Nc6 {[%emt 0:00:04]} 3. Nc3 {[%emt 0:00:04]} Nf6 {[%emt 0:00:07]} 4. Bc4 {[%emt 0:00:03]} Bb4 {[%emt 0:00:02]} 5. Nb5 {[%emt 0:00:09]} Bc5 {[%emt 0:00:04]} 6. O-O {[%emt 0:00:05]} O-O {[%emt 0:00:05]} 7. c3 {[%emt 0:00:03]} d6 {[%emt 0:00:12]} 8. d4 {[%emt 0:00:02]} Bg4 {[%emt 0:00:24]} 9. dxc5 {[%emt 0:00:04]} dxc5 {[%emt 0:00:04]} 10. h3 {[%emt 0:00:06]} Bxf3 {[%emt 0:00:02]} 11. Qxf3 {[%emt 0:00:04]} a6 {[%emt 0:00:15]} 12. Bg5 {[%emt 0:00:10]} h6 {[%emt 0:00:05]} 13. Bxf6 {[%emt 0:00:03]} gxf6 {[%emt 0:00:02]} 14. Rad1 {[%emt 0:00:07]} Qe7 {[%emt 0:00:03]} 15. Qg3+ {[%emt 0:00:02]} Kh7 {[%emt 0:00:08]} 16. Qf3 {[%emt 0:00:19]} Rfd8 {[%emt 0:00:08]} 17. Qf5+ {[%emt 0:00:10]} Kg7 {[%emt 0:00:24]} 18. Qg4+ {[%emt 0:00:03]} Kh7 {[%emt 0:00:03]} 19. Nxc7 {[%emt 0:00:08]} Qxc7 {[%emt 0:00:05]} 20. Qf5+ {[%emt 0:00:05]} Kg8 {[%emt 0:00:07]} 21. Qg4+ {[%emt 0:00:05]} Kf8 {[%emt 0:00:02]} 22. Qh5 {[%emt 0:00:04]} Rxd1 {[%emt 0:00:06]} 23. Rxd1 {[%emt 0:00:03]} Rd8 {[%emt 0:00:03]} 24. Qxh6+ {[%emt 0:00:02]} Ke8 {[%emt 0:00:03]} 25. Qh8+ {[%emt 0:00:03]} Ke7 {[%emt 0:00:01]} 26. Rxd8 {[%emt 0:00:04]} Qxd8 {[%emt 0:00:05]} 27. Qh7 {[%emt 0:00:05]} Qd1+ {[%emt 0:00:15]} 28. Kh2 {[%emt 0:00:04]} Nd8 {[%emt 0:00:12]} 29. a3 {[%emt 0:00:08]} Ne6 {[%emt 0:00:02]} 30. b4 {[%emt 0:00:09]} Ng5 {[%emt 0:00:04]} 31. Qf5 {[%emt 0:00:16]} Kd6 {[%emt 0:00:15]} 32. Qxf6+ {[%emt 0:00:10]} Kd7 {[%emt 0:00:11]} 33. Qxg5 {[%emt 0:00:10]} Ke8 {[%emt 0:00:40]} 34. Qg8+ {[%emt 0:00:05]} Ke7 {[%emt 0:00:04]} 35. Qxf7+ {[%emt 0:00:03]} Kd6 {[%emt 0:00:02]} 36. Qe6+ {[%emt 0:00:05]} Kc7 {[%emt 0:00:02]} 37. Qe7+ {[%emt 0:00:05]} Kb6 {[%emt 0:00:03]} 38. Be6 {[%emt 0:00:07]} Kb5 {[%emt 0:00:02]} 39. Qxc5+ {[%emt 0:00:09]} Ka4 {[%emt 0:00:03]} 40. Qb6 {[%emt 0:00:23]} Kxa3 {[%emt 0:00:02]} 41. Qxb7 {[%emt 0:00:04]} Kb2 {[%emt 0:00:01]} 42. Qxa6 {[%emt 0:00:03]} Kc2 {[%emt 0:00:08]} 43. Qa2+ {[%emt 0:00:05]} Kxc3 {[%emt 0:00:04]} 44. Qc4+ {[%emt 0:00:03]} Kd2 {[%emt 0:00:02]} 45. Qd5+ {[%emt 0:00:04]} Ke2 {[%emt 0:00:01]} 46. Qc4+ {[%emt 0:00:05]} Qd3 {[%emt 0:00:09]} 47. Qxd3+ {[%emt 0:00:05]} Kxd3 {[%emt 0:00:02]} 48. b5 {[%emt 0:00:01]} Kxe4 {[%emt 0:00:02]} 49. b6 {[%emt 0:00:02]} Kd4 {[%emt 0:00:02]} 50. b7 {[%emt 0:00:03]} e4 {[%emt 0:00:02]} 51. b8=Q {[%emt 0:00:03]} e3 {[%emt 0:00:01]} 52. Qb4+ {[%emt 0:00:03]} Kd3 {[%emt 0:00:02]} 53. Qc4+ {[%emt 0:00:03]} Kd2 {[%emt 0:00:02]} 54. Qe4 {[%emt 0:00:12]} e2 {[%emt 0:00:04]} 55. Qxe2+ {[%emt 0:00:03]} Kxe2 {[%emt 0:00:02]} 56. h4 {[%emt 0:00:03]} Kd3 {[%emt 0:00:02]} 57. h5 {[%emt 0:00:01]} Ke4 {[%emt 0:00:01]} 58. h6 {[%emt 0:00:02]} Ke5 {[%emt 0:00:01]} 59. Bg8 {[%emt 0:00:02]} Kf6 {[%emt 0:00:01]} 60. h7 {[%emt 0:00:02]} Kg7 {[%emt 0:00:01]} 61. h8=R {[%emt 0:00:11]} Kxh8 {[%emt 0:00:02]} 62. f4 {[%emt 0:00:02]} Kxg8 {[%emt 0:00:01]} 63. g4 {[%emt 0:00:03]} Kg7 {[%emt 0:00:02]} 64. g5 {[%emt 0:00:02]} Kg6 {[%emt 0:00:01]} 65. Kg3 {[%emt 0:00:03]} Kg7 {[%emt 0:00:03]} 66. Kg4 {[%emt 0:00:02]} Kg6 {[%emt 0:00:01]} 67. f5+ {[%emt 0:00:02]} Kh7 {[%emt 0:00:03]} 68. f6 {[%emt 0:00:02]} Kg6 {[%emt 0:00:02]} 69. Kf4 {[%emt 0:00:10]} Kf7 {[%emt 0:00:06]} 70. Kf5 {[%emt 0:00:03]} Kf8 {[%emt 0:00:03]} 71. g6 {[%emt 0:00:02]} Kg8 {[%emt 0:00:02]} 72. f7+ {[%emt 0:00:04]} Kf8 {[%emt 0:00:01]} 73. Kf6 {[%emt 0:00:02] Stalemate Stalemate} 1/2-1/2

[Event "OeISM B U10"]
[Site "AUT_boys_U10"]
[Date "2020.12.13"]
[Round "7"]
[White "MK2801"]
[Black "Hugo_11"]
[Result "1-0"]
[WhiteElo "1145"]
[BlackElo "1344"]
[Annotator "NA"]
[PlyCount "91"]
[EventDate "2020.12.13"]
[EventType "blitz"]

1. e4 {[%emt 0:00:02]} e5 {[%emt 0:00:02]} 2. Nf3 {[%emt 0:00:02]} Nc6 {[%emt 0:00:04]} 3. Bc4 {[%emt 0:00:03]} Bd6 {[%emt 0:00:05]} 4. O-O {[%emt 0:00:03]} Nh6 {[%emt 0:00:03]} 5. h3 {[%emt 0:00:03]} O-O {[%emt 0:00:03]} 6. d3 {[%emt 0:00:04]} Nd4 {[%emt 0:00:22]} 7. Nxd4 {[%emt 0:00:08]} exd4 {[%emt 0:00:02]} 8. Bd2 {[%emt 0:00:09]} Qe8 {[%emt 0:00:03]} 9. c3 {[%emt 0:00:08]} Qe5 {[%emt 0:00:04]} 10. g3 {[%emt 0:00:13]} dxc3 {[%emt 0:00:06]} 11. Nxc3 {[%emt 0:00:05]} c5 {[%emt 0:00:22]} 12. Re1 {[%emt 0:00:19]} Bc7 {[%emt 0:00:19]} 13. Rb1 {[%emt 0:00:10]} Bd8 {[%emt 0:00:06]} 14. Nb5 {[%emt 0:00:11]} a6 {[%emt 0:00:08]} 15. Nc3 {[%emt 0:00:08]} b5 {[%emt 0:00:02]} 16. Bd5 {[%emt 0:00:07]} Rb8 {[%emt 0:00:06]} 17. Bf4 {[%emt 0:00:07]} Qf6 {[%emt 0:00:10]} 18. Bxb8 {[%emt 0:00:03]} b4 {[%emt 0:00:04]} 19. Na4 {[%emt 0:00:07]} c4 {[%emt 0:00:04]} 20. dxc4 {[%emt 0:00:02]} Bb6 {[%emt 0:00:31]} 21. Nxb6 {[%emt 0:00:09]} Qxb6 {[%emt 0:00:02]} 22. Bf4 {[%emt 0:00:07]} Bb7 {[%emt 0:00:13]} 23. Bxb7 {[%emt 0:00:05]} Qxb7 {[%emt 0:00:02]} 24. Bxh6 {[%emt 0:00:02]} gxh6 {[%emt 0:00:02]} 25. Qg4+ {[%emt 0:00:04]} Kh8 {[%emt 0:00:02]} 26. Rbd1 {[%emt 0:00:12]} Rg8 {[%emt 0:00:05]} 27. Qxd7 {[%emt 0:00:07]} Qxd7 {[%emt 0:00:05]} 28. Rxd7 {[%emt 0:00:00]} Kg7 {[%emt 0:00:02]} 29. c5 {[%emt 0:00:08]} Rc8 {[%emt 0:00:04]} 30. Rc1 {[%emt 0:00:05]} a5 {[%emt 0:00:07]} 31. c6 {[%emt 0:00:03]} Kf8 {[%emt 0:00:06]} 32. f4 {[%emt 0:00:13]} Ke8 {[%emt 0:00:02]} 33. e5 {[%emt 0:00:05]} a4 {[%emt 0:00:02]} 34. f5 {[%emt 0:00:07]} a3 {[%emt 0:00:05]} 35. bxa3 {[%emt 0:00:02]} bxa3 {[%emt 0:00:01]} 36. e6 {[%emt 0:00:04]} fxe6 {[%emt 0:00:04]} 37. fxe6 {[%emt 0:00:00]} Rd8 {[%emt 0:00:05]} 38. Rxh7 {[%emt 0:00:04]} Kf8 {[%emt 0:00:13]} 39. Rh8+ {[%emt 0:00:06]} Ke7 {[%emt 0:00:01]} 40. Rxd8 {[%emt 0:00:02]} Kxd8 {[%emt 0:00:00]} 41. c7+ {[%emt 0:00:02]} Kc8 {[%emt 0:00:02]} 42. e7 {[%emt 0:00:01]} Kd7 {[%emt 0:00:01]} 43. c8=Q+ {[%emt 0:00:02]} Kxe7 {[%emt 0:00:00]} 44. Rc6 {[%emt 0:00:04]} Kf7 {[%emt 0:00:02]} 45. Qd7+ {[%emt 0:00:02]} Kf8 {[%emt 0:00:03]} 46. Rc8# {[%emt 0:00:00] Mate Mate} 1-0